[Event "NRW-chT U12"]
[Site "Hiddenhausen"]
[Date "2003.05.18"]
[Round "3.1"]
[White "Orhan, Zilan"]
[Black "Gadschisade, Machmud"]
[Result "1/2-1/2"]
[WhiteElo "1422"]
[BlackElo "1428"]
[PlyCount "61"]
[EventDate "2003.05.??"]
[EventType "team-tourn"]
[EventRounds "3"]
[EventCountry "GER"]
[SourceTitle "EXT 2005"]
[Source "ChessBase"]
[SourceDate "2004.11.15"]
[SourceVersion "1"]
[SourceVersionDate "2004.11.15"]
[SourceQuality "1"]

1. e4 c6 2. d4 d5 3. exd5 cxd5 4. Nf3 Nc6 5. Bf4 Bg4 6. c3 Nf6 7. Bd3 e6 8. Nbd2 Bd6 9. Bg3 Qc7 10. Qc2 0-0 11. Bh4 Be7 12. Bxf6 Bxf6 13. Bxh7+ Kh8 14. Bd3 g6 15. h3 Bxf3 16. Nxf3 Kg7 17. 0-0 Rac8 18. Qe2 Rfe8 19. Rfe1 e5 20. dxe5 Bxe5 21. Qd2 Bf4 22. Qc2 Ne5 23. Nd4 Bh2+ 24. Kh1 Bf4 25. Nb5 Qb6 26. a4 a6 27. a5 Qc5 28. Nd4 Nc6 29. Nb3 Qd6 30. Rxe8 Rxe8 31. Rd1 1/2-1/2